The evolving, implication and importance of CADI, CADII and CADIII

Enregistré dans:
Détails bibliographiques
Auteur principal: Horvátová, Eva, 1958-
Autres auteurs: Makúch, Miroslav, 1981-, Podoliaková, Katarína
Format: Chapitre de livre
Langue:anglais
Tags: Ajouter un tag
Pas de tags, Soyez le premier à ajouter un tag!

MARC

LEADER 00000nla$a2200000$$$4500
001 0064813
005 20240502083156.5
041 0 |a eng 
044 |a CZ 
245 1 0 |a The evolving, implication and importance of CADI, CADII and CADIII  |c Eva Horvátová, Miroslav Makúch, Katarína Oravíková Podoliaková 
100 1 |a Horvátová, Eva, 1958- 
700 1 |a Makúch, Miroslav, 1981- 
700 1 |a Podoliaková, Katarína